Estatísticas para Microrregiões de Minas Gerais

Clique aqui para jogar o quiz

Estatísticas Gerais

  • Esse quiz foi jogado 43 vezes
    (42 desde o último reset)
  • A pontuação média é 26 de 66

Estatísticas das Respostas

MesorregiãoMicrorregião% Correto
Metropolitana de Belo HorizonteBelo Horizonte
94%
Norte de MinasMontes Claros
90%
Zona da MataJuiz de Fora
87%
Vale do Rio DoceGovernador Valadares
84%
Triângulo Mineiro e Alto ParanaíbaUberaba
84%
Triângulo Mineiro e Alto ParanaíbaUberlândia
84%
Campo das VertentesBarbacena
65%
Vale do Rio DoceIpatinga
65%
Campo das VertentesLavras
65%
Sul e Sudoeste de MinasPoços de Caldas
65%
Sul e Sudoeste de MinasPouso Alegre
65%
Vale do MucuriTeófilo Otoni
65%
Sul e Sudoeste de MinasVarginha
65%
Metropolitana de Belo HorizonteOuro Preto
61%
Metropolitana de Belo HorizontePará de Minas
61%
Triângulo Mineiro e Alto ParanaíbaPatos de Minas
61%
Campo das VertentesSão João del-Rei
61%
Metropolitana de Belo HorizonteSete Lagoas
61%
Triângulo Mineiro e Alto ParanaíbaAraxá
55%
JequitinhonhaDiamantina
55%
Oeste de MinasDivinópolis
55%
Central MineiraCurvelo
52%
Noroeste de MinasParacatu
52%
Zona da MataUbá
48%
Noroeste de MinasUnaí
48%
Sul e Sudoeste de MinasPassos
45%
Metropolitana de Belo HorizonteConselheiro Lafaiete
42%
Triângulo Mineiro e Alto ParanaíbaItuiutaba
42%
Zona da MataMuriaé
42%
Norte de MinasJanuária
39%
Vale do Rio DoceCaratinga
35%
Triângulo Mineiro e Alto ParanaíbaFrutal
35%
Sul e Sudoeste de MinasItajubá
35%
Norte de MinasJanaúba
35%
Sul e Sudoeste de MinasAlfenas
32%
Zona da MataViçosa
32%
JequitinhonhaAlmenara
29%
Central MineiraBom Despacho
29%
Zona da MataCataguases
29%
Metropolitana de Belo HorizonteItabira
29%
Triângulo Mineiro e Alto ParanaíbaPatrocínio
29%
Norte de MinasPirapora
29%
Sul e Sudoeste de MinasSão Lourenço
29%
Zona da MataManhuaçu
26%
JequitinhonhaCapelinha
23%
Oeste de MinasFormiga
23%
Norte de MinasGrão Mogol
23%
Vale do MucuriNanuque
23%
Oeste de MinasOliveira
23%
Norte de MinasSalinas
23%
Sul e Sudoeste de MinasSão Sebastião do Paraíso
23%
Central MineiraTrês Marias
23%
Norte de MinasBocaiuva
19%
JequitinhonhaAraçuaí
16%
JequitinhonhaPedra Azul
16%
Metropolitana de Belo HorizonteConceição do Mato Dentro
13%
Zona da MataPonte Nova
13%
Sul e Sudoeste de MinasAndrelândia
10%
Sul e Sudoeste de MinasSanta Rita do Sapucaí
10%
Vale do Rio DoceAimorés
6%
Oeste de MinasCampo Belo
6%
Metropolitana de Belo HorizonteItaguara
6%
Oeste de MinasPiumhi
6%
Vale do Rio DoceMantena
3%
Vale do Rio DoceGuanhães
0%
Vale do Rio DocePeçanha
0%

Distribuição das Pontuações

Percentil de Números Respondidos

Porcentagem de Pessoas com Cada Pontuação

Sua Pontuação Histórica

Você não jogou esse quiz desde o último reset